000 00300nam a2200133 4500
008 181226b xxu||||| |||| 00| 0 eng d
020 _a9780321421326
041 _aeng
080 _29th
_a510
100 _a36
101 _aMAT
245 _aCalculus with Applications
_cLial,M.L
942 _2ddc
_cBK
999 _c53765
_d53765